Atlanta Millionaires Club-Album (Faye Webster) - Statistics

General Stats
  • This quiz has been taken 110 times
  • The average score is 7 of 10
Answer Stats
Hint Answer % Correct
5. Jonny
92%
10. (Reprise) Jonny
92%
6. Kingston
85%
2. Right Side of My Neck
72%
9. (Feat. Father) Flowers
62%
7. Come to Atlanta
58%
4. Pigeon
58%
3. Hurts Me Too
56%
1. Room Temperature
55%
8. What Used To Be Mine
47%
No matching quizzes found
Score Distribution
Percent of People with Each Score
Percentile by Number Answered
Your Score History
You have not taken this quiz